[Event "Bad Woerishofen op"]
[Site "?"]
[Date "2000.??.??"]
[Round "2"]
[White "Schmidt, Erhard"]
[Black "Junker, Wilfried"]
[Result "1/2-1/2"]
[WhiteElo "2208"]
[BlackElo "1750"]
[Annotator "ChessOrg"]
[PlyCount "32"]
[EventDate "2000.??.??"]
[Source "ChessBase"]
[SourceDate "1998.04.29"]

1. Nf3 Nf6 2. c4 e6 3. Nc3 d5 4. d4 c5 5. cxd5 cxd4 6. Qxd4 exd5 7. Bg5 Be7 8.
e3 Nc6 9. Qa4 a6 10. Rd1 Be6 11. Nd4 Rc8 12. Be2 O-O 13. O-O Qc7 14. Bf3 Ne5
15. Be2 Rfd8 16. Nf3 Nc4 1/2-1/2

[Event "Bad Woerishofen op"]
[Site "?"]
[Date "2000.??.??"]
[Round "4"]
[White "Schmidt, Erhard"]
[Black "Gruenke, Guenter"]
[Result "1-0"]
[WhiteElo "2208"]
[BlackElo "1786"]
[Annotator "ChessOrg"]
[PlyCount "41"]
[EventDate "2000.??.??"]
[Source "ChessBase"]
[SourceDate "1998.04.29"]

1. g3 d5 2. Bg2 Nf6 3. Nf3 e6 4. d4 Nbd7 5. O-O c5 6. c3 b6 7. Nbd2 Ba6 8. Ne5
Nxe5 9. Qa4+ Ned7 10. Qxa6 Bd6 11. e4 cxd4 12. cxd4 Bb4 13. exd5 exd5 14. Re1+
Be7 15. Qe2 O-O 16. Qxe7 Re8 17. Qxd8 Raxd8 18. Rxe8+ Rxe8 19. Nf3 Re2 20. Bf1
Rc2 21. Bd3 1-0

[Event "Bad Woerishofen op"]
[Site "?"]
[Date "2000.??.??"]
[Round "6"]
[White "Schmidt, Erhard"]
[Black "Scheidt, Eugen"]
[Result "1/2-1/2"]
[WhiteElo "2208"]
[BlackElo "1917"]
[Annotator "ChessOrg"]
[PlyCount "45"]
[EventDate "2000.??.??"]
[Source "ChessBase"]
[SourceDate "1998.04.29"]

1. Nf3 c5 2. c4 Nc6 3. Nc3 g6 4. g3 Bg7 5. Bg2 d6 6. O-O Nf6 7. d4 cxd4 8. Nxd4
Bd7 9. e3 O-O 10. Rb1 Rc8 11. b3 a6 12. Bb2 Qc7 13. Rc1 Nxd4 14. exd4 Rb8 15.
Re1 e6 16. Qd2 Rfc8 17. Qf4 Nh5 18. Qe3 Qd8 19. Ne4 Bc6 20. Re2 d5 21. Nc5 dxc4
22. Bxc6 Rxc6 23. Rxc4 1/2-1/2

[Event "Bad Woerishofen op"]
[Site "?"]
[Date "2000.??.??"]
[Round "8"]
[White "Schmidt, Erhard"]
[Black "Schampel, Arno"]
[Result "1/2-1/2"]
[WhiteElo "2208"]
[BlackElo "1807"]
[Annotator "ChessOrg"]
[PlyCount "104"]
[EventDate "2000.??.??"]
[Source "ChessBase"]
[SourceDate "1998.04.29"]

1. Nf3 g6 2. e4 Bg7 3. d4 d6 4. Bd3 Nd7 5. O-O c5 6. c3 e5 7. Be3 Ngf6 8. Qb3
O-O 9. Nbd2 a6 10. a4 cxd4 11. cxd4 exd4 12. Nxd4 Nc5 13. Qc2 Ng4 14. b4 Nxe3
15. fxe3 Nxd3 16. Qxd3 Qg5 17. N4f3 Qe7 18. Rac1 Bd7 19. Rc7 b5 20. e5 Rfd8 21.
exd6 Qe8 22. Ng5 Bh6 23. Nde4 Bxg5 24. Nxg5 f5 25. Qd5+ Kf8 26. e4 h6 27. exf5
hxg5 28. fxg6+ Kg7 29. Qd4+ Kg8 30. Rf7 Qe1+ 31. Rf1 Qe6 32. Rf7 Qxg6 33. Rfxd7
Qb1+ 34. Kf2 Rf8+ 35. Ke3 Rae8+ 36. Re7 Qg1+ 37. Kd3 Qxd4+ 38. Kxd4 Rxe7 39.
dxe7 Rf4+ 40. Kc5 Kf7 41. axb5 Rf5+ 42. Kb6 Rxb5+ 43. Kxa6 Rxb4 44. Rc5 g4 45.
Re5 Ke8 46. Re2 Rb3 47. Re4 g3 48. h4 Rb2 49. h5 Rxg2 50. Rg4 Kxe7 51. h6 Rh2
52. Rg7+ Kf8 1/2-1/2

[Event "Bad Woerishofen op"]
[Site "?"]
[Date "2000.??.??"]
[Round "1"]
[White "Schmidt, Werner"]
[Black "Vogel, Gerhard"]
[Result "1-0"]
[WhiteElo "1840"]
[BlackElo "1512"]
[Annotator "ChessOrg"]
[PlyCount "129"]
[EventDate "2000.??.??"]
[Source "ChessBase"]
[SourceDate "1998.04.29"]

1. e4 c5 2. Nf3 d6 3. d4 cxd4 4. Nxd4 Nf6 5. Nc3 a6 6. Be2 e6 7. g4 Be7 8. g5
Nfd7 9. Rg1 g6 10. Be3 Nc6 11. Nxc6 bxc6 12. Qd4 e5 13. Qd2 Qa5 14. Bc4 Rb8 15.
Nd1 Qxd2+ 16. Kxd2 Nb6 17. Bb3 Be6 18. Bxe6 fxe6 19. b3 O-O 20. Ke2 d5 21. f3
d4 22. Bd2 c5 23. Nb2 Rbc8 24. Ba5 Nd7 25. Nc4 Rf4 26. Be1 Rcf8 27. Rf1 R4f7
28. Bd2 Rb8 29. Rh1 Nb6 30. Nxe5 Rff8 31. h4 Bd6 32. Ng4 Nd7 33. h5 Kg7 34.
hxg6 hxg6 35. Rh6 Rh8 36. Rah1 Rxh6 37. Rxh6 e5 38. Kd3 Rf8 39. Rh3 Ra8 40. a4
Rh8 41. Rxh8 Kxh8 42. a5 Kg7 43. Kc4 Kf7 44. Kd5 Ke7 45. Nf2 Nb8 46. Nd3 Nd7
47. Nb2 Bc7 48. Kc6 Kd8 49. Na4 Nb8+ 50. Kxc5 Nd7+ 51. Kd5 Ke7 52. Bb4+ Kd8 53.
Ke6 Ke8 54. Nb2 Bd8 55. Bd2 Bc7 56. Nd3 Nf8+ 57. Kf6 Nd7+ 58. Kxg6 Ke7 59. Bb4+
Ke6 60. Nc5+ Nxc5 61. Bxc5 Bxa5 62. Kh7 Bd8 63. g6 Bf6 64. g7 Bxg7 65. Kxg7 1-0

[Event "Bad Woerishofen op"]
[Site "?"]
[Date "2000.??.??"]
[Round "3"]
[White "Schmidt, Werner"]
[Black "Fels, Karl-Heinz"]
[Result "0-1"]
[WhiteElo "1840"]
[BlackElo "1927"]
[Annotator "ChessOrg"]
[PlyCount "86"]
[EventDate "2000.??.??"]
[Source "ChessBase"]
[SourceDate "1998.04.29"]

1. Nf3 Nf6 2. b3 d5 3. e3 e6 4. Bb2 Be7 5. d4 O-O 6. Bd3 c5 7. O-O Nc6 8. c3 a6
9. a4 Rb8 10. Qe2 Bd7 11. Nbd2 h6 12. Ba3 cxd4 13. Bxe7 Qxe7 14. exd4 Rbc8 15.
Rfc1 Rfe8 16. Ne5 Nxe5 17. dxe5 Nh7 18. Nf3 Rc7 19. Bxh7+ Kxh7 20. Nd4 Rec8 21.
Qd3+ Kg8 22. f4 Qh4 23. Qe3 g6 24. Rc2 Kg7 25. Rf1 b5 26. axb5 axb5 27. b4 Rc4
28. Ra1 Qd8 29. Ra7 R8c7 30. Rxc7 Qxc7 31. Qd2 Qb6 32. Ra2 Qc7 33. Ra3 Qc8 34.
Qe3 Qc7 35. g4 h5 36. h4 Qc8 37. Qd2 Qc7 38. Kf2 Qb6 39. Ke3 Rc8 40. Qa2 Qc7
41. Kd3 Kf8 42. Kd2 Ke8 43. Ra7 Qxc3+ 0-1

[Event "Bad Woerishofen op"]
[Site "?"]
[Date "2000.??.??"]
[Round "4"]
[White "Schmidt, Werner"]
[Black "Weigel, Herbert"]
[Result "0-1"]
[WhiteElo "1840"]
[BlackElo "2188"]
[Annotator "ChessOrg"]
[PlyCount "65"]
[EventDate "2000.??.??"]
[Source "ChessBase"]
[SourceDate "1998.04.29"]

1. Nf3 d5 2. e3 Nf6 3. b3 Bg4 4. Bb2 e6 5. h3 Bh5 6. g4 Bg6 7. Ne5 Nbd7 8. Nxg6
hxg6 9. Bg2 Bd6 10. d3 c6 11. Nd2 Qe7 12. a3 O-O-O 13. c4 Kb8 14. b4 dxc4 15.
Nxc4 Bc7 16. Qb3 e5 17. a4 e4 18. d4 Nd5 19. Ba3 f5 20. b5 c5 21. O-O-O Nb4 22.
Bxb4 cxb4 23. f3 Rc8 24. Kb1 Nf6 25. fxe4 Nxe4 26. Bxe4 Qxe4+ 27. Qc2 Qd5 28.
Rc1 fxg4 29. Qxg6 gxh3 30. Qxg7 h2 31. a5 Qe4+ 32. Kb2 Rhg8 33. Kb3 0-1

[Event "Bad Woerishofen op"]
[Site "?"]
[Date "2000.??.??"]
[Round "7"]
[White "Schmidt, Werner"]
[Black "Schmitzer, Horst"]
[Result "1/2-1/2"]
[WhiteElo "1840"]
[BlackElo "2252"]
[Annotator "ChessOrg"]
[PlyCount "53"]
[EventDate "2000.??.??"]
[Source "ChessBase"]
[SourceDate "1998.04.29"]

1. e4 c6 2. d4 d5 3. exd5 cxd5 4. c4 Nf6 5. Nc3 e6 6. Nf3 Bb4 7. Bd2 O-O 8. a3
Be7 9. Bd3 dxc4 10. Bxc4 Nc6 11. Bg5 b6 12. O-O Na5 13. Ba2 Ba6 14. Re1 Rc8 15.
Rc1 Bc4 16. Bxc4 Nxc4 17. Qe2 Nd6 18. Rcd1 Re8 19. Ne5 Qc7 20. Qf3 Qb7 21. Qh3
Nfe4 22. Nxe4 Nxe4 23. Bxe7 Rxe7 24. d5 exd5 25. Rxd5 Nf6 26. Rdd1 Rce8 27. Qc3
1/2-1/2

[Event "Bad Woerishofen op"]
[Site "Bad Woerishofen"]
[Date "2000.??.??"]
[Round "9"]
[White "Schmidt, Werner"]
[Black "Rahn, Oskar"]
[Result "0-1"]
[WhiteElo "1840"]
[BlackElo "2095"]
[Annotator "ChessOrg"]
[PlyCount "56"]
[EventDate "1998.03.05"]
[Source "ChessBase"]
[SourceDate "1998.04.29"]

1. Nf3 d5 2. c4 c6 3. e3 Nd7 4. Nc3 e6 5. b3 Ngf6 6. Bb2 Bd6 7. d4 O-O 8. Be2
Qe7 9. O-O b6 10. cxd5 exd5 11. Rc1 Bb7 12. Rc2 Rfe8 13. Bd3 Ne4 14. Re2 f5 15.
g3 Qf7 16. Nd2 Re7 17. Ncxe4 fxe4 18. Nxe4 Rxe4 19. f3 Re7 20. e4 Rae8 21. Qe1
Qh5 22. g4 Qg6 23. Qb1 Bf4 24. e5 Qh6 25. Rfe1 c5 26. Bf5 Ba6 27. Rg2 Nxe5 28.
dxe5 Bxe5 0-1

[Event "Bad Woerishofen op"]
[Site "?"]
[Date "2000.??.??"]
[Round "2"]
[White "Schmitzer, Horst"]
[Black "Tochtermann, Georg"]
[Result "1/2-1/2"]
[WhiteElo "2252"]
[BlackElo "1864"]
[Annotator "ChessOrg"]
[PlyCount "47"]
[EventDate "2000.??.??"]
[Source "ChessBase"]
[SourceDate "1998.04.29"]

1. Nf3 Nf6 2. d4 e6 3. Bg5 d5 4. e3 Be7 5. c4 Ne4 6. Bxe7 Qxe7 7. Nc3 Qb4 8.
Qc2 Nxc3 9. a3 Qe7 10. Qxc3 O-O 11. Rc1 c6 12. Bd3 Nd7 13. O-O h6 14. Rfe1 f5
15. Qc2 Qf6 16. b4 g5 17. b5 g4 18. Nd2 e5 19. cxd5 cxd5 20. Qb3 Qd6 21. Bb1
Kg7 22. Ba2 Nf6 23. Qb2 e4 24. Rc5 1/2-1/2

[Event "Bad Woerishofen op"]
[Site "?"]
[Date "2000.??.??"]
[Round "4"]
[White "Schmitzer, Horst"]
[Black "Stumpf, Walter"]
[Result "0-1"]
[WhiteElo "2252"]
[BlackElo "1975"]
[Annotator "ChessOrg"]
[PlyCount "74"]
[EventDate "2000.??.??"]
[Source "ChessBase"]
[SourceDate "1998.04.29"]

1. Nf3 Nf6 2. d4 e6 3. Bg5 Be7 4. e3 d5 5. c4 Nbd7 6. Nc3 O-O 7. Bd3 c6 8. O-O
h6 9. Bh4 Re8 10. Rc1 dxc4 11. Bxc4 Nd5 12. Bg3 Nxc3 13. Rxc3 Bb4 14. Rc1 Qe7
15. e4 Qf8 16. Qe2 Nf6 17. h3 Be7 18. Bd3 g5 19. Bb1 Nh5 20. Bh2 Qg7 21. e5 f5
22. exf6 Bxf6 23. Qe4 Bd7 24. Ne5 Rad8 25. Rc3 Re7 26. Rf3 Bc8 27. Re1 c5 28.
dxc5 Rd5 29. b4 Nf4 30. Ng4 Rd4 31. Nxf6+ Qxf6 32. Qc2 Bd7 33. Bxf4 gxf4 34.
Rd3 Rg7 35. f3 Qh4 36. Rxe6 Rxd3 37. Qxd3 Rxg2+ 0-1

[Event "Bad Woerishofen op"]
[Site "?"]
[Date "2000.??.??"]
[Round "6"]
[White "Schmitzer, Horst"]
[Black "Ruth, Walter"]
[Result "1/2-1/2"]
[WhiteElo "2252"]
[BlackElo "1859"]
[Annotator "ChessOrg"]
[PlyCount "62"]
[EventDate "2000.??.??"]
[Source "ChessBase"]
[SourceDate "1998.04.29"]

1. Nf3 Nf6 2. d4 e6 3. Bg5 Be7 4. e3 Ne4 5. Bxe7 Qxe7 6. Nbd2 f5 7. Bd3 d5 8.
O-O O-O 9. Ne5 Nd7 10. Ndf3 c5 11. c4 cxd4 12. exd4 b6 13. cxd5 exd5 14. Qa4
Nxe5 15. Nxe5 Be6 16. f3 Nd6 17. Rac1 Rac8 18. Ba6 Rxc1 19. Rxc1 Qg5 20. Qd1
Bc8 21. Bf1 h5 22. Rc6 Rf6 23. Qc1 Qxc1 24. Rxc1 f4 25. Rc7 a6 26. Bd3 b5 27.
Bg6 h4 28. Bf7+ Nxf7 29. Rxc8+ Kh7 30. Rc5 Nxe5 31. dxe5 Re6 1/2-1/2

[Event "Bad Woerishofen op"]
[Site "?"]
[Date "2000.??.??"]
[Round "8"]
[White "Schmitzer, Horst"]
[Black "Niebuhr, Gerd"]
[Result "1-0"]
[WhiteElo "2252"]
[BlackElo "1833"]
[Annotator "ChessOrg"]
[PlyCount "57"]
[EventDate "2000.??.??"]
[Source "ChessBase"]
[SourceDate "1998.04.29"]

1. Nf3 Nf6 2. d4 g6 3. Bf4 Bg7 4. e3 O-O 5. Be2 d5 6. h3 c5 7. c3 Qb6 8. Qb3
Qxb3 9. axb3 Nbd7 10. Na3 Ne8 11. O-O f6 12. Rfd1 e5 13. dxe5 fxe5 14. Bh2 e4
15. Ne1 Nb6 16. Nb5 Be6 17. Bg4 Bxg4 18. hxg4 a6 19. Nc7 Nxc7 20. Bxc7 Rf6 21.
Nc2 Rc8 22. Bxb6 Rxb6 23. b4 d4 24. exd4 cxd4 25. Nxd4 Rd8 26. Nb3 Rbd6 27.
Rxd6 Rxd6 28. Kf1 Kf7 29. Re1 1-0

[Event "Bad Woerishofen op"]
[Site "?"]
[Date "2000.??.??"]
[Round "2"]
[White "Schneider, Georg"]
[Black "Johne, Siegfried"]
[Result "1-0"]
[WhiteElo "2140"]
[BlackElo "1894"]
[Annotator "ChessOrg"]
[PlyCount "53"]
[EventDate "2000.??.??"]
[Source "ChessBase"]
[SourceDate "1998.04.29"]

1. e4 c5 2. b4 Nf6 3. e5 Nd5 4. bxc5 Qa5 5. Nf3 e6 6. Bc4 Qxc5 7. Bb3 b5 8. O-O
Bb7 9. d4 Qc7 10. a4 b4 11. Re1 Be7 12. a5 Nc6 13. a6 Bc8 14. Bxd5 exd5 15. c4
Nb8 16. cxd5 Bxa6 17. d6 Qc6 18. d5 Qb7 19. dxe7 Kxe7 20. Bg5+ Kf8 21. e6 Bc4
22. exf7 Na6 23. Re8+ Rxe8 24. fxe8=Q+ Kxe8 25. Qe1+ Kf7 26. Qe7+ Kg6 27. Ne5+
1-0

[Event "Bad Woerishofen op"]
[Site "?"]
[Date "2000.??.??"]
[Round "4"]
[White "Schneider, Georg"]
[Black "Fels, Karl-Heinz"]
[Result "1/2-1/2"]
[WhiteElo "2140"]
[BlackElo "1927"]
[Annotator "ChessOrg"]
[PlyCount "123"]
[EventDate "2000.??.??"]
[Source "ChessBase"]
[SourceDate "1998.04.29"]

1. e4 e5 2. Nc3 Nf6 3. g3 d5 4. Bg2 d4 5. Nce2 c5 6. d3 Nc6 7. Nh3 Bd6 8. O-O
O-O 9. Bg5 h6 10. Bd2 Nh7 11. f4 exf4 12. Nexf4 Ne5 13. Nf2 Rb8 14. a4 a6 15.
a5 Bd7 16. b3 g5 17. Nd5 Nf6 18. Nxf6+ Qxf6 19. Qe2 Qg6 20. h3 h5 21. Nh1 Kg7
22. Rf2 f5 23. exf5 Bxf5 24. Raf1 Rbe8 25. Qd1 g4 26. h4 Re7 27. Bg5 Ref7 28.
Bf4 Nf3+ 29. Bxf3 Bxf4 30. gxf4 gxf3+ 31. Kh2 Bg4 32. Qe1 Rxf4 33. Qe5+ Qf6 34.
Re1 Rf5 35. Qxf6+ Kxf6 36. Ng3 Re5 37. Ne4+ Ke7 38. Kg3 Rg8 39. Kh2 Kd8 40. Rg1
Rf8 41. Rg3 Kc7 42. Rg1 Kc6 43. Re1 Kd5 44. Rg1 Rf4 45. Kg3 Rf8 46. Kh2 Kc6 47.
Re1 Re6 48. Ra1 Kb5 49. Kg3 Rg6 50. Kh2 Bd7 51. Rg1 Rg4 52. Rxg4 hxg4 53. Kg3
Rh8 54. Rh2 Rh6 55. h5 Kc6 56. Nf2 Kd6 57. Nxg4 Rh7 58. h6 Bxg4 59. Kxg4 f2 60.
Rxf2 Rxh6 61. Kg5 Re6 62. Rf6 1/2-1/2

[Event "Bad Woerishofen op"]
[Site "?"]
[Date "2000.??.??"]
[Round "7"]
[White "Schneider, Georg"]
[Black "Walther, Diethelm"]
[Result "0-1"]
[WhiteElo "2140"]
[BlackElo "2069"]
[Annotator "ChessOrg"]
[PlyCount "88"]
[EventDate "2000.??.??"]
[Source "ChessBase"]
[SourceDate "1998.04.29"]

1. e4 c5 2. Nf3 Nc6 3. d4 cxd4 4. Nxd4 g6 5. Nc3 Bg7 6. Be3 Nf6 7. Bc4 Qa5 8.
O-O Qb4 9. Bb3 Nxe4 10. a3 Nxc3 11. Bxf7+ Kf8 12. bxc3 Qxc3 13. Nxc6 Qxa1 14.
Qe2 Qf6 15. Nd8 e5 16. Bb3 Qxd8 17. Rd1 Ke8 18. Bc5 Qf6 19. Bd6 Rf8 20. f3 Rf7
21. Rd5 Re7 22. Rd1 Re6 23. Bxe6 Qxe6 24. Qe4 a5 25. Rd5 Ra6 26. Bxe5 Kf7 27.
h3 Rc6 28. Qd4 Bxe5 29. Rxe5 Qc4 30. Qe3 Re6 31. Rc5 Rxe3 32. Rxc4 Re8 33. Kf2
b6 34. Rd4 Re6 35. c4 Ke7 36. f4 Bb7 37. g4 Rd6 38. Ke3 Rxd4 39. Kxd4 Kd6 40.
Ke3 Bg2 41. h4 Bh3 42. Kf3 Bf1 43. g5 Bxc4 44. f5 gxf5 0-1

[Event "Bad Woerishofen op"]
[Site "?"]
[Date "2000.??.??"]
[Round "8"]
[White "Schneider, Georg"]
[Black "Scheidt, Eugen"]
[Result "1-0"]
[WhiteElo "2140"]
[BlackElo "1917"]
[Annotator "ChessOrg"]
[PlyCount "67"]
[EventDate "2000.??.??"]
[Source "ChessBase"]
[SourceDate "1998.04.29"]

1. e4 c5 2. d3 Nc6 3. Nc3 g6 4. g3 Bg7 5. Bg2 d6 6. Nh3 Bxh3 7. Bxh3 e6 8. O-O
Nge7 9. Ne2 d5 10. f3 O-O 11. Kh1 e5 12. Be3 d4 13. Bd2 Qd6 14. a3 Kh8 15. Qc1
Ng8 16. f4 f6 17. f5 g5 18. Bg4 Rfd8 19. b3 b5 20. Bh5 Rd7 21. a4 b4 22. g4 h6
23. Bg6 Qf8 24. h4 gxh4 25. Kg2 h5 26. Rh1 Nh6 27. Rxh4 Kg8 28. Bxh5 Nd8 29.
Qh1 Ndf7 30. Rf1 Rd6 31. Bg6 Ng5 32. Rh5 Nhf7 33. Bxg5 Nxg5 34. Rxg5 1-0

[Event "Bad Woerishofen op"]
[Site "?"]
[Date "2000.??.??"]
[Round "2"]
[White "Schneider, Miloca"]
[Black "Weibrecht, Carl"]
[Result "1-0"]
[WhiteElo "1780"]
[BlackElo "1600"]
[Annotator "ChessOrg"]
[PlyCount "129"]
[EventDate "2000.??.??"]
[Source "ChessBase"]
[SourceDate "1998.04.29"]

1. d4 g6 2. c4 Bg7 3. Nc3 d6 4. e4 e6 5. Nf3 Ne7 6. Be2 Bd7 7. O-O O-O 8. Qb3
b6 9. Bg5 f6 10. Be3 Nbc6 11. Rad1 Kh8 12. d5 Na5 13. Qa3 Nb7 14. dxe6 Bxe6 15.
Nd4 Bg8 16. b4 a5 17. b5 Qe8 18. Nd5 Rc8 19. Bg4 f5 20. Nxe7 Qxe7 21. exf5 Bxc4
22. Rfe1 Rce8 23. fxg6 hxg6 24. Qc1 Bxa2 25. Bf3 Nc5 26. Bc6 Rb8 27. Qd2 Qf7
28. Bg5 Rbc8 29. Re7 Qc4 30. Bh6 Rf7 31. Bxg7+ Kxg7 32. Rxf7+ Qxf7 33. Nf3 Bb3
34. Re1 Rf8 35. Re3 Qf6 36. Nd4 a4 37. Qb2 Rf7 38. Qd2 d5 39. Nf3 Ne4 40. Qc1
Re7 41. Qe1 Bc4 42. Nd2 Qd4 43. Nxc4 Qxc4 44. f3 Qd4 45. fxe4 Rxe4 46. Qc3 Qxc3
47. Rxc3 Rd4 48. Be8 Rc4 49. Rd3 Rh4 50. Bc6 Rb4 51. Rxd5 Kf6 52. Kf2 Rb2+ 53.
Kf3 a3 54. Rd4 Rb3+ 55. Ke2 a2 56. Ra4 Rb2+ 57. Kd3 g5 58. Kc3 Re2 59. Kb3 Kf5
60. Rxa2 Re3+ 61. Kc4 Re7 62. Rf2+ Kg6 63. Rd2 Kf6 64. Rd7 Rxd7 65. Bxd7 1-0

[Event "Bad Woerishofen op"]
[Site "?"]
[Date "2000.??.??"]
[Round "4"]
[White "Schneider, Miloca"]
[Black "Jeske, Guenter"]
[Result "1-0"]
[WhiteElo "1780"]
[BlackElo "1614"]
[Annotator "ChessOrg"]
[PlyCount "40"]
[EventDate "2000.??.??"]
[Source "ChessBase"]
[SourceDate "1998.04.29"]

1. d4 d5 2. c4 e6 3. Nf3 Nf6 4. Bg5 Be7 5. e3 Nbd7 6. Nc3 b6 7. cxd5 exd5 8.
Bd3 Bb7 9. O-O O-O 10. Rc1 Rc8 11. Bf5 g6 12. Bh3 Ne4 13. Bh6 Re8 14. Ne5 f5
15. Nxe4 Nxe5 16. dxe5 dxe4 17. Qa4 Ra8 18. Rfd1 Qc8 19. Rd7 c6 20. Qc4+ Kh8
1-0

[Event "Bad Woerishofen op"]
[Site "?"]
[Date "2000.??.??"]
[Round "5"]
[White "Schneider, Miloca"]
[Black "Johne, Siegfried"]
[Result "0-1"]
[WhiteElo "1780"]
[BlackElo "1894"]
[Annotator "ChessOrg"]
[PlyCount "62"]
[EventDate "2000.??.??"]
[Source "ChessBase"]
[SourceDate "1998.04.29"]

1. d4 Nf6 2. c4 g6 3. Nc3 d5 4. cxd5 Nxd5 5. e4 Nxc3 6. bxc3 Bg7 7. Rb1 c5 8.
Be3 Nc6 9. Bb5 O-O 10. Ne2 cxd4 11. cxd4 Qa5+ 12. Bd2 Qxa2 13. Nc3 Qa5 14. Nd5
Qd8 15. Bg5 f6 16. Bf4 e5 17. dxe5 fxe5 18. Be3 Nd4 19. Bc4 Kh8 20. O-O Ne6 21.
Qc1 b6 22. Bh6 Bd7 23. Bxg7+ Kxg7 24. Qb2 Qg5 25. h4 Qxh4 26. Qxe5+ Kh6 27. g3
Qg5 28. Qd6 Nc5 29. Kg2 Kg7 30. f4 Qxg3+ 31. Kxg3 Nxe4+ 0-1

[Event "Bad Woerishofen op"]
[Site "?"]
[Date "2000.??.??"]
[Round "7"]
[White "Schneider, Miloca"]
[Black "Braeu, Emmi"]
[Result "1/2-1/2"]
[WhiteElo "1780"]
[BlackElo "1488"]
[Annotator "ChessOrg"]
[PlyCount "52"]
[EventDate "2000.??.??"]
[Source "ChessBase"]
[SourceDate "1998.04.29"]

1. d4 d5 2. c4 e6 3. Nf3 Nf6 4. Bg5 Be7 5. Nc3 O-O 6. e3 c6 7. cxd5 cxd5 8. Bd3
Nc6 9. O-O h6 10. Bh4 Bd7 11. Rc1 Rc8 12. Qe2 a6 13. Ne5 Be8 14. Rfd1 Nd7 15.
Nxc6 Rxc6 16. Bg3 Nf6 17. Be5 Bd6 18. f4 Bxe5 19. fxe5 Nh7 20. Rf1 f6 21. Bxh7+
Kxh7 22. exf6 Rxf6 23. Rxf6 Qxf6 24. Rf1 Qe7 25. Qc2+ Bg6 26. Qb3 Bd3 1/2-1/2

[Event "Bad Woerishofen op"]
[Site "Bad Woerishofen"]
[Date "2000.??.??"]
[Round "9"]
[White "Schneider, Miloca"]
[Black "Antusch, Ingrid"]
[Result "1-0"]
[WhiteElo "1780"]
[BlackElo "1550"]
[Annotator "ChessOrg"]
[PlyCount "109"]
[EventDate "1998.03.05"]
[Source "ChessBase"]
[SourceDate "1998.04.29"]

1. e4 d5 2. exd5 Qxd5 3. Nc3 Qa5 4. d4 Nf6 5. Bd3 c6 6. Bd2 Qb6 7. Nge2 Qxb2 8.
Rb1 Qa3 9. Rb3 Qd6 10. Bf4 Qd8 11. O-O e6 12. Ne4 Nxe4 13. Bxe4 Bd6 14. Be3 b6
15. c4 Qc7 16. f4 O-O 17. c5 Be7 18. a4 Ba6 19. Rf2 Bc4 20. Rb1 Nd7 21. Qc2 Nf6
22. Bxh7+ Nxh7 23. Qxc4 g6 24. g4 Nf6 25. Rg2 Nd5 26. Bd2 Kg7 27. f5 g5 28. Qc1
f6 29. fxe6 Rh8 30. Ng3 bxc5 31. Nf5+ Kf8 32. dxc5 Qe5 33. Nxe7 Nxe7 34. Qc2
Kg7 35. Re1 Qd4+ 36. Be3 Qd5 37. Qc3 Kg6 38. Bd4 Raf8 39. Rf2 Rh4 40. Qd3+ Kg7
41. h3 Rh6 42. Qe3 Rg6 43. Rb1 Qd8 44. Rb7 Kg8 45. Rxa7 Nd5 46. Qe4 Rh6 47. Rb2
Ne7 48. Rbb7 Re8 49. Rd7 Qb8 50. Rxe7 Qg3+ 51. Qg2 Qe1+ 52. Kh2 Rxe7 53. Rxe7
Qb4 54. Qb2 Qxa4 55. Qb8# 1-0

[Event "Bad Woerishofen op"]
[Site "?"]
[Date "2000.??.??"]
[Round "1"]
[White "Schoeffler, Hera"]
[Black "Morger, Karl-Heinz"]
[Result "0-1"]
[WhiteElo "1390"]
[BlackElo "1815"]
[Annotator "ChessOrg"]
[PlyCount "52"]
[EventDate "2000.??.??"]
[Source "ChessBase"]
[SourceDate "1998.04.29"]

1. e4 e6 2. Nf3 d5 3. Qe2 dxe4 4. Qxe4 Nf6 5. Qe3 Be7 6. Bc4 O-O 7. O-O Nd5 8.
Qb3 Nc6 9. Bxd5 exd5 10. Re1 Na5 11. Qe3 Re8 12. d3 Bd7 13. Bd2 Bf6 14. Qc5
Rxe1+ 15. Bxe1 Bxb2 16. Bxa5 b6 17. Qxd5 bxa5 18. Ng5 Qe8 19. Nd2 Bxa1 20. Nde4
Rb8 21. h3 Bc6 22. Qxa5 Rb1+ 23. Kh2 Qe5+ 24. Qxe5 Bxe5+ 25. g3 f5 26. Nd2 Rh1#
0-1

[Event "Bad Woerishofen op"]
[Site "?"]
[Date "2000.??.??"]
[Round "3"]
[White "Schoeffler, Hera"]
[Black "Wendel, Walter"]
[Result "1/2-1/2"]
[WhiteElo "1390"]
[BlackElo "1600"]
[Annotator "ChessOrg"]
[PlyCount "104"]
[EventDate "2000.??.??"]
[Source "ChessBase"]
[SourceDate "1998.04.29"]

1. e4 d6 2. Bc4 Nf6 3. Nc3 g6 4. h3 Bg7 5. Nf3 c6 6. O-O b5 7. Bb3 Nbd7 8. a3
Nc5 9. d3 Nxb3 10. cxb3 Be6 11. b4 Qd7 12. Ng5 O-O 13. Nxe6 Qxe6 14. Qf3 Rac8
15. Re1 Nd7 16. Ne2 Ne5 17. Qe3 Qd7 18. Rb1 f5 19. exf5 Rxf5 20. Ng3 Rf7 21.
Bd2 Rcf8 22. Re2 a6 23. Bc3 Qc7 24. Rbe1 Qb8 25. Rf1 Qc7 26. f4 Nd7 27. Bxg7
Kxg7 28. Qd4+ e5 29. fxe5 Rxf1+ 30. Nxf1 dxe5 31. Qc3 Qb6+ 32. Ne3 Rf6 33. Kh2
Qd4 34. Ng4 Qxc3 35. bxc3 Re6 36. Nf2 h5 37. d4 Kf7 38. dxe5 Nxe5 39. Kg3 Nc4
40. Ra2 Re3+ 41. Kf4 Rxc3 42. Ne4 Rxa3 43. Rxa3 Nxa3 44. Nc5 Nc2 45. Nxa6 Ne1
46. g3 Nd3+ 47. Ke3 Ne5 48. Ke4 Nc4 49. Nb8 Nd6+ 50. Kf4 c5 51. Nd7 Ke6 52.
Nxc5+ Kf6 1/2-1/2

[Event "Bad Woerishofen op"]
[Site "?"]
[Date "2000.??.??"]
[Round "6"]
[White "Schoeffler, Hera"]
[Black "Girod, Gudrun"]
[Result "1/2-1/2"]
[WhiteElo "1390"]
[BlackElo "1500"]
[Annotator "ChessOrg"]
[PlyCount "25"]
[EventDate "2000.??.??"]
[Source "ChessBase"]
[SourceDate "1998.04.29"]

1. e4 e6 2. Nf3 d5 3. exd5 exd5 4. d4 Nf6 5. Bg5 Be7 6. Nbd2 Bg4 7. Be2 Bxf3 8.
Nxf3 Nbd7 9. c3 O-O 10. O-O h6 11. Bxf6 Nxf6 12. Re1 Re8 13. Qc2 1/2-1/2

[Event "Bad Woerishofen op"]
[Site "?"]
[Date "2000.??.??"]
[Round "8"]
[White "Schoeffler, Hera"]
[Black "Jacobsen, Waldfried"]
[Result "0-1"]
[WhiteElo "1390"]
[BlackElo "1057"]
[Annotator "ChessOrg"]
[PlyCount "106"]
[EventDate "2000.??.??"]
[Source "ChessBase"]
[SourceDate "1998.04.29"]

1. e4 Nc6 2. Nf3 e5 3. Bc4 f6 4. O-O d6 5. h3 Qe7 6. Re1 h6 7. Nc3 Na5 8. Bb3
Nxb3 9. axb3 c6 10. Nh4 Qf7 11. d4 a6 12. Na4 Be6 13. Nb6 Rb8 14. d5 Bc8 15.
dxc6 bxc6 16. Nxc8 Rxc8 17. Rxa6 g5 18. Nf5 h5 19. Nxd6+ Bxd6 20. Qxd6 Qd7 21.
Qxd7+ Kxd7 22. Rd1+ Ke6 23. Be3 Nh6 24. Bc5 Rhd8 25. Rxd8 Rxd8 26. Rxc6+ Kf7
27. f3 Rd2 28. Bb4 Rd1+ 29. Kh2 Kg7 30. Ba3 Rd2 31. b4 Re2 32. b5 g4 33. hxg4
hxg4 34. Rc7+ Kg6 35. Bf8 gxf3 36. Rg7+ Kh5 37. Kg1 f2+ 38. Kf1 Rxc2 39. b4 Ng4
40. Rxg4 Kxg4 41. Bh6 Rb2 42. Be3 Kg3 43. Bxf2+ Rxf2+ 44. Ke1 Rb2 45. b6 Rxb4
46. b7 Rxb7 47. Kf1 Rb2 48. Ke1 Rf2 49. Kd1 Kxg2 50. Ke1 Kf3 51. Kd1 Kxe4 52.
Ke1 Ke3 53. Kd1 f5 0-1

[Event "Bad Woerishofen op"]
[Site "?"]
[Date "2000.??.??"]
[Round "2"]
[White "Schoen, Siegfried"]
[Black "Bierbach, Utz"]
[Result "0-1"]
[WhiteElo "1551"]
[BlackElo "1756"]
[Annotator "ChessOrg"]
[PlyCount "60"]
[EventDate "2000.??.??"]
[Source "ChessBase"]
[SourceDate "1998.04.29"]

1. e4 c5 2. c3 e6 3. d4 d5 4. exd5 exd5 5. Nf3 Nc6 6. Be2 Nf6 7. O-O cxd4 8.
Nxd4 Be7 9. Nd2 O-O 10. N2f3 h6 11. h3 Bd6 12. Be3 Re8 13. Re1 a6 14. a4 Bd7
15. Bd3 Qc8 16. Bf1 Ne7 17. a5 Ng6 18. Qc1 Qc7 19. Nb3 Bf4 20. Bxf4 Nxf4 21.
Nbd4 Rxe1 22. Nxe1 Re8 23. Nd3 Ng6 24. Qd1 Ne4 25. Nf3 Bb5 26. Nd4 Bd7 27. Nf3
Qd6 28. Qb3 Bc6 29. Rd1 Qd7 30. Nd4 Ba4 0-1